000
00277nam a2200109Ia 4500
008
231212s1968 xx 000 0 und d
041
_a
eng
082
_a
621.3841
100
_a
Jolley E.H.
245
_a
Introduction To Telephony
260
_a
Allahabad
_b
International Book
_c
1968
999
_c
959045
_d
959045